01125cam a22003011 4500001001300000003000400013005001700017008004100034010001700075035001900092040004600111042001200157050002200169082001100191110002800202245021600230260002300446300003400469500005400503504002500557651002300582650003900605650003900644650004000683650004000723700004300763999001700806gs 48000012 DLC20260227111353.0800318s1947 dcub b s000 0 eng c ags 48000012  a(OCoLC)6098479 aU.S. Geol. Survey. Libr.cOCldOCoLCdDLC apremarc00aGB705.T4bA5 1947 a551.492 aTexas Water Commission.00aRelationship of ground water to the discharge of the Leona River in Uvalde and Zavala Counties, Texas,cby Penn Livingston. Prepared in cooperation with the United States Dept of the Interior, Geological Survey. aWashington]c1947. a52 l.bmaps (2 fold.)c28 cm. aAt head of title: Texas Board of Water Engineers. aIncludes references. 0aLeona River (Tex.) 0aGroundwaterzTexaszUvalde County. 0aGroundwaterzTexaszZavala County. 0aWater-supplyzTexaszUvalde County. 0aWater-supplyzTexaszZavala County.1 aLivingston, Pennq(Penn Poore),d1899- c28235d28235